Logo BPK

Biblioteka

Politechniki Koszalińskiej

Szkoła jakości wody : (Rekord nr 33607)

Szczegóły MARC
000 -ETYKIETA REKORDU
podpole kontrolne o stałej długości 01464nam a2200301 i 4500
001 - NUMER KONTROLNY REKORDU
pole kontrolne bg
003 - IDENTYFIKATOR NUMERU KONTROLNEGO REKORDU
podpole kontrolne BPK
005 - DATA OSTATNIEJ MODYFIKACJI REKORDU
podpole kontrolne 20210204135009.0
008 - POLE O STAŁEJ DŁUGOŚCI - DANE KONTROLNE
podpole kontrolne o stałej długości s1998 pl f |100 0 pol
020 ## - MIĘDZYNARODOWY ZNORMALIZOWANY NUMER KSIĄŻKI - ISBN
ISBN 8387424420
040 ## - ŹRÓDŁO KATALOGOWANIA
Instytucja, która utworzyła rekord BPK
041 0# - KOD JĘZYKA
Kod języka tekstu pol
Kod języka streszczenia lub abstraktu eng
080 ## - UNIWERSALNA KLASYFIKACJA DZIESIĘTNA - UKD
UKD 628.1+628.3](061)
111 ## - NAZWA IMPREZY
Nazwa imprezy Sympozjum Szkoleniowo-Naukowe pt.: Znaczenie procesów jednostkowych w technologii oczyszczania wody i ścieków
Data imprezy (1998 ;
Miejsce imprezy Koszalin / Ustronie Morskie).
245 10 - TYTUŁ/ODPOWIEDZIALNOŚĆ
Tytuł Szkoła jakości wody :
Ciąg dalszy tytułu sympozjum szkoleniowo-naukowe pt.: "Znaczenie procesów jednostkowych w technologii oczyszczania wody i ścieków" 27-30 maja 1998 r : zbiór wykładów /
Pozostałe elementy strefy tytułu i oznaczenia odpowiedzialności red. Anna M. Anielak.
246 30 - WARIANT TYTUŁU
Tytuł Szkoła jakości wody '98
260 ## - STREFA ADRESU WYDAWNICZEGO
Miejsce wydania Koszalin-Ustronie Morskie :
Nazwa wydawcy/dystrybutora Wydaw. Uczelniane Politechniki Koszalińskiej,
Data publikacji, dystrybucji/powstania dokumentu 1998.
300 ## - STREFA OPISU FIZYCZNEGO
Objętość 174 s. :
Inne cechy fizyczne rys., wykr. ;
Rozmiary 24 cm.
500 ## - UWAGI OGÓLNE
Tekst uwagi Tyt. grzbiet. "Szkoła jakości wody '98".
521 ## - UWAGA DOTYCZĄCA PRZEZNACZENIA CZYTELNICZEGO
Przeznaczenie czytelnicze Materiały Konferencyjne Wydziału Budownictwa i Inżynierii Środowiska.
650 #4 - HASŁO PRZEDMIOTOWE W FORMIE NAZWY OGÓLNEJ LUB JEDNOSTKOWEJ
Nazwa ogólna lub geograficzna Oczyszczalnia ścieków
650 #4 - HASŁO PRZEDMIOTOWE W FORMIE NAZWY OGÓLNEJ LUB JEDNOSTKOWEJ
Nazwa ogólna lub geograficzna Uzdatnianie wody
655 ## - TERMIN INDEKSOWY - OKREŚLENIE RODZAJU/FORMY DOKUMENTU
Określenie rodzaju/formy dokumentu Materiały konferencyjne
700 1# - HASŁO DODATKOWE - NAZWA OSOBOWA
Nazwa osobowa Anielak, Anna Maria
Daty związane z nazwą (1952- )
Określenie związku między hasłem a opisywanym materiałem Redakcja
856 ## - LOKALIZACJA I DOSTĘP DO ELEKTRONICZNYCH DOKUMENTÓW ZDALNYCH
Link (URL) https://kohabib.tu.koszalin.pl/cgi-bin/koha/catalogue/detail.pl?biblionumber=33607
Tekst linku Katalog online BPK
856 ## - LOKALIZACJA I DOSTĘP DO ELEKTRONICZNYCH DOKUMENTÓW ZDALNYCH
Link (URL) http://dlibra.tu.koszalin.pl/dlibra/docmetadata?id=575&from=&dirids=1&ver_id=&lp=1&QI=
Tekst linku Biblioteka Cyfrowa
942 ## - DODATKOWE ELEMENTY (KOHA)
Typ dokumentu Książka
Schemat klasyfikacji Uniwersalna Klasyfikacja Dziesiętna
Egzemplarze
Wycofany Status egzemplarza Uszkodzony Dostępność Lokalizacja stała Lokalizacja bieżąca Miejsce przechowywania Sygnatura Kod kreskowy Dział Typ dokumentu Ostatnio wypożyczono
      Tylko na miejscu Biblioteka Politechniki Koszalińskiej Biblioteka Politechniki Koszalińskiej Czytelnia BG 44397 01346909 628.1/.3 Wodociągi. Kanalizacja. Ścieki Książka  
      Dostępny Biblioteka Politechniki Koszalińskiej Biblioteka Politechniki Koszalińskiej Wypożyczalnia BG 44399 01346886   Książka  
      Dostępny Biblioteka Politechniki Koszalińskiej Biblioteka Politechniki Koszalińskiej Wypożyczalnia BG 44893 01341966   Książka 17.02.2015
      Tylko na miejscu Czytelnia Wydziału Elektroniki i Informatyki, Wydziału Architektury i Wzornictwa, Wydziału Inżynierii Mechanicznej i Energetyki oraz Wydziału Inżynierii Lądowej, Środowiska i Geodezji Czytelnia Wydziału Elektroniki i Informatyki, Wydziału Architektury i Wzornictwa, Wydziału Inżynierii Mechanicznej i Energetyki oraz Wydziału Inżynierii Lądowej, Środowiska i Geodezji Czytelnia Wydziałowa ul. Śniadeckich 2 44398 01346893 628.1/.3 Woda. Wodociągi. Kanalizacja. Ścieki Książka  
© 2023 Biblioteka Politechniki Koszalińskiej :: KOHA